Mixed Word: Tom Hanks Movies Quiz Stats

 Plays Quiz Updated Jun 21, 2012

Challenge
Share
Tweet
Embed
Score 0/23 Timer 03:00
0 Plays Today
Mixed Word Movie % Correct
GBIBig
99.6%
YTO TOSYRToy Story
98%
SARCCars
96.5%
HET AD IINVC ODECThe Da Vinci Code
93.2%
FREOSTR MUGPForrest Gump
92%
SATC WAAYCast Away
90%
ETH ENGRE ILEMThe Green Mile
88%
VEOYU TGO AIMLYou've Got Mail
86.6%
HTE OYNME ITPThe Money Pit
84.9%
AHILPADIELHPPhiladelphia
83.3%
TEH LARPO PESXSREThe Polar Express
82.9%
TACCH EM FI UOY NACCatch Me If You Can
81.6%
Mixed Word Movie % Correct
SEPLSESLE NI TTELASESleepless in Seattle
77.6%
A GUELAE FO HEIRT WNOA League of Their Own
75.9%
AVISNG RVEITAP YNARSaving Private Ryan
70.1%
AORD OT NDETIPIRORoad to Perdition
62.6%
LSPHASSplash
56.8%
LICEHAR LNISSWO ARWCharlie Wilson's War
52.5%
RAYLR RWONCELarry Crowne
41.4%
ETH AMERILNTThe Terminal
36.5%
APNICAT LPSHPILICaptain Phillips
32%
HET RETGA KUCB WODRHAThe Great Buck Howard
25.8%
ETH LIKLDSYRALEThe Ladykillers
16.6%

You're not logged in!

Compare scores with friends on all Sporcle quizzes.
Join for Free
OR
Log In

You Might Also Like...

Show Comments

Extras

Top Quizzes Today


Score Distribution

Your Account Isn't Verified!

In order to create a playlist on Sporcle, you need to verify the email address you used during registration. Go to your Sporcle Settings to finish the process.

Report this User

Report this user for behavior that violates our Community Guidelines.

Details: